00688nam a22002297a 450000500170000001000130001702000230003003500130005303700160006604000120008208200180009410000210011224500920013325000110022526000450023627000470028130000340032850000190036265000330038165000240041470000200043820170124110211.0 aA-817173 c295.00a8120309855 aA-817173 bCen Lib/Ret aDPLbEN a621.3815bTOC aTocci, Ronald J. aDigital systems :cby Ronald J.Tocci [and] Neal S.Widmerbprinciples and applications / a6th ed aNew DelhibPrentice Hall of India c1995 aM-97, Connaught Circus bNew Delhie110001 axviii,827p. :c27cm(Hb)bill. aIncludes index aDigital electronic equipment aDigital electronics aWidmer, Neal S.